000 00362nab a22001097u 4500
008 130520b2000 xxu||||| |||| 00| 0 spa d
041 _aspa
100 1 _aHabel, Norman C.
_967597
245 0 0 _aLa cosmología inversa de Job: ¿una opción digna de celebración?
_cNorman C. Habel
773 0 _tConcilium
_gnº287,2000,págs. 33-44
_x0210-1041
_wRev134
942 _cAR
999 _c355853
_d355853